| 000 -LEADER |
| fixed length control field |
01646cam a2200265 i 4500 |
| 003 - CONTROL NUMBER IDENTIFIER |
| control field |
OSt |
| 005 - DATE AND TIME OF LATEST TRANSACTION |
| control field |
20260228150736.0 |
| 008 - FIXED-LENGTH DATA ELEMENTS--GENERAL INFORMATION |
| fixed length control field |
170403s2017 nyua b 001 0 eng |
| 020 ## - INTERNATIONAL STANDARD BOOK NUMBER |
| International Standard Book Number |
9781580934855 |
| Qualifying information |
paperback |
| 042 ## - AUTHENTICATION CODE |
| Authentication code |
pcc |
| 043 ## - GEOGRAPHIC AREA CODE |
| Geographic area code |
n-us-ny |
| 082 00 - DEWEY DECIMAL CLASSIFICATION NUMBER |
| Classification number |
307.1/21609747 |
| Edition number |
23 |
| 100 1# - MAIN ENTRY--PERSONAL NAME |
| Personal name |
Shepard, Cassim, |
| Relator term |
author. |
| 245 10 - TITLE STATEMENT |
| Title |
Citymakers : |
| Remainder of title |
the culture and craft of practical urbanism / |
| Statement of responsibility, etc |
Cassim Shepard ; foreword by Rosalie Genevro ; principal photography by Alex Fradkin. |
| 300 ## - PHYSICAL DESCRIPTION |
| Extent |
296 pages : |
| Other physical details |
color illustrations ; |
| Dimensions |
25 cm |
| 504 ## - BIBLIOGRAPHY, ETC. NOTE |
| Bibliography, etc |
Includes bibliographical references and index. |
| 520 ## - SUMMARY, ETC. |
| Summary, etc |
"Drawing on six years as the editor of Urban Omnibus, one of the leading publications charting innovations in urban practice, Shepard explores a broad variety of projects in New York, a city at the forefront of experimental and practical research: a constructed wetland in Staten Island, a workforce development and technology program in Red Hook, Brooklyn, a public art installation in a Bronx housing project, a housing advocacy initiative in Jackson Heights, Queens. These and a wide variety of other examples in Citymakers comprise a cross-disciplinary, from-the-ground-up approach that encourage better choices for cities of the future"-- |
| 650 #0 - SUBJECT ADDED ENTRY--TOPICAL TERM |
| Topical term or geographic name as entry element |
City planning |
| Geographic subdivision |
New York (State) |
| -- |
New York. |
| 650 #0 - SUBJECT ADDED ENTRY--TOPICAL TERM |
| Topical term or geographic name as entry element |
Land use |
| Geographic subdivision |
New York (State) |
| -- |
New York. |
| 650 #7 - SUBJECT ADDED ENTRY--TOPICAL TERM |
| Topical term or geographic name as entry element |
ARCHITECTURE / Urban & Land Use Planning. |
| Source of heading or term |
bisacsh |
| 650 #7 - SUBJECT ADDED ENTRY--TOPICAL TERM |
| Topical term or geographic name as entry element |
ARCHITECTURE / Sustainability & Green Design. |
| Source of heading or term |
bisacsh |
| 650 #7 - SUBJECT ADDED ENTRY--TOPICAL TERM |
| Topical term or geographic name as entry element |
SOCIAL SCIENCE / Sociology / Urban. |
| Source of heading or term |
bisacsh |
| 700 1# - ADDED ENTRY--PERSONAL NAME |
| Personal name |
Genevro, Rosalie, |
| Relator term |
writer of foreword. |
| 942 ## - ADDED ENTRY ELEMENTS (KOHA) |
| Source of classification or shelving scheme |
|